Кафедра методики обучения химии РГПУ им. А.И.Герцена (Запись № 509460)

Подробности
000 -МАРКЕР
контрольное поле 01779nam0a2200301 4500
001 - ИДЕНТИФИКАТОР ЗАПИСИ
контрольное поле RU\NLR\bibl\395738
005 - ИДЕНТИФИКАТОР ВЕРСИИ
контрольное поле 20260503054107.0
010 ## - МЕЖДУНАРОДНЫЙ СТАНДАРТНЫЙ НОМЕР КНИГИ (ISBN)
Номер (ISBN) 5-8064-0479-x
Тираж 100
035 ## - ДРУГИЕ СИСТЕМНЫЕ НОМЕРА
Идентификатор записи (NLR Aleph) 000389983
100 ## - ДАННЫЕ ОБЩЕЙ ОБРАБОТКИ
Данные общей обработки 20030430d2001 |||y0rusy50 ca
101 0# - ЯЗЫК РЕСУРСА
Язык текста, звукозаписи и т.д. русский
102 ## - СТРАНА ПУБЛИКАЦИИ ИЛИ ПРОИЗВОДСТВА
Страна публикации Российская Федерация
105 ## - ПОЛЕ КОДИРОВАННЫХ ДАННЫХ: ТЕКСТОВЫЕ МАТЕРИАЛЫ, МОНОГРАФИЧЕСКИЕ
Кодированные данные о монографическом текстовом документе y |||||||||
200 1# - ЗАГЛАВИЕ И СВЕДЕНИЯ ОБ ОТВЕТСТВЕННОСТИ
Основное заглавие Кафедра методики обучения химии РГПУ им. А.И.Герцена
Сведения, относящиеся к заглавию Посвящ. 55-летию со дня основания каф. методики обучения химии РГПУ им. А.И. Герцена
Первые сведения об ответственности Мария Пак, Ирина Орлова
Последующие сведения об ответственности Рос. гос. пед. ун-т им. А.И. Герцена
210 ## - ПУБЛИКАЦИЯ, РАСПРОСТРАНЕНИЕ И ДР.
Место издания, распространения и т.д. СПб.
Имя издателя, распространителя и т. д. Изд-во РГПУ
Дата издания, распространения и т.д. 2001
215 ## - ФИЗИЧЕСКАЯ ХАРАКТЕРИСТИКА
Специфическое обозначение материала и объем 43,[1] с.
Размеры 21
601 02 - НАИМЕНОВАНИЕ ОРГАНИЗАЦИИ КАК ПРЕДМЕТ
Начальный элемент ввода Российский государственный педагогический университет им. А.И. Герцена
Структурное подразделение организации Кафедра методики обучения химии
Идентифицирующий признак Санкт-Петербург, город
Системный номер авторитетной/нормативной записи 2290737
Идентификатор авторитетной/нормативной записи RU\NLR\auth\661371932
686 ## - ИНДЕКСЫ ДРУГИХ КЛАССИФИКАЦИЙ
Индекс Ч489.514(2)7
700 #1 - ИМЯ ЛИЦА - ПЕРВИЧНАЯ ОТВЕТСТВЕННОСТЬ
Код отношения Автор
Материалы, к которым относится поле rus
Графика поля Кириллица
Начальный элемент ввода Пак
Часть имени, кроме начального элемента ввода М. С.
Расширение инициалов личного имени Мария Сергеевна
Идентификатор авторитетной/нормативной записи RU\NLR\auth\7769547
Системный номер авторитетной/нормативной записи 52475
701 #1 - ИМЯ ЛИЦА - АЛЬТЕРНАТИВНАЯ ОТВЕТСТВЕННОСТЬ
Код отношения Автор
Начальный элемент ввода Орлова
Часть имени, кроме начального элемента ввода И. А.
Дополнения к именам, кроме дат канд. хим. наук
Расширение инициалов личного имени Ирина Алексеевна
Идентификатор авторитетной/нормативной записи RU\NLR\AUTH\770128559
Системный номер авторитетной/нормативной записи 128528
712 02 - НАИМЕНОВАНИЕ ОРГАНИЗАЦИИ - ВТОРИЧНАЯ ОТВЕТСТВЕННОСТЬ
Код отношения Прочие
Начальный элемент ввода Российский государственный педагогический университет им. А. И. Герцена
Идентифицирующий признак Санкт-Петербург
Структурное подразделение Кафедра методики обучения химии
Идентификатор авторитетной/нормативной записи RU\NLR\AUTH\8810031274
Системный номер авторитетной/нормативной записи 561183
801 #0 - ИСТОЧНИК ЗАПИСИ
Страна Российская Федерация
Организация NLR
Дата составления 20030430
Правила каталогизации PSBO
801 #1 - ИСТОЧНИК ЗАПИСИ
Страна Российская Федерация
Организация NLR
Дата составления 20030430
830 ## - ОБЩЕЕ ПРИМЕЧАНИЕ, СОСТАВЛЕННОЕ КАТАЛОГИЗАТОРОМ
Текст примечания 2-й авт. по кн.
942 ## - ДОПОЛНИТЕЛЬНЫЕ ЭЛЕМЕНТЫ ЗАПИСИ (АБИС)
Тип экземпляра АБИС Книга
980 ## - КОЛЛЕКЦИЯ
Название коллекции Национальная библиография
Экземпляры
Тип экземпляра Дата поступления Источник поступления Библиотека постоянного хранения Библиотека текущего хранения Место хранения Шифр хранения Штрих-код Статус экземпляра
Книга 30.04.2003 Контрольный экземпляр из типографии РНБ (Московский) РНБ (Московский) Русский книжный фонд: издания с 1957 года 2003-4/7640 475225